000 00650nam a2200217Ii 4500
003 JO-AjNU
008 230605s9999||||xx |||||||||||||| ||und||
017 _a1970/4588
040 _aJO-AjNU
_bara
_erda
_cJO-AjNU
041 _aara
050 1 4 _aN7433.35
100 3 _aاحمد،عبد الله حامد تأليف,
_eauthor
_934521
245 0 0 _aمشاهير الفنانين:مودلياني
250 _aط2
264 3 1 _aمصر:دار المعارف،1970
300 _a135ص
336 _atext
_btxt
_2rdacontent
337 _aunmediated
_bn
_2rdamedia
338 _avolume
_bnc
_2rdacarrier
650 4 _aالفن-الفنانين
_934522
999 _aA14163
_c17731
_d17731